000
00319nam a22001457a 4500
003
SGT
020
_a
9780486436296
082
_a
301
100
_a
TAWNEY, R.H
245
_a
THE ACQUISITIVE SOCIETY
260
_a
NEW DELHI
_b
FONTANA LIBRARY
_c
1961
300
_a
191
650
_a
MASS COMMUNICATION
942
_2
ddc
_c
BK
999
_c
12792
_d
12792